000 00714nam a2200217 a 4500
001 BRCA_2598
005 20190320203901.0
008 281108s1922----gw-a---###---#000-0#ger-#
050 4 _aZ147
_b.V68 1922
100 1 _aVoullieme, Ernst Hermann
_d1862-1930
_97416
245 1 0 _aDie Deutschen Drucker des Fünfzehnten Jahrunderts
_cvon E. Voulliéme.
260 _aBerlin
_bReichsdruckerei
_c1922
300 _axvi, 175 p.
_bil.
_c29 cm.
500 _aIncluye listado alfabético de impresores y una lista histórica de impresoras alemanas y suizas
500 _aA68
650 1 4 _aIncunables
_97417
650 1 4 _aImpresores
_zAlemania
_97418
650 1 4 _aImprenta
_xHistoria
_97419
902 _aGFM
942 _2lcc
_cB
999 _c2338
_d2338